Sports Quiz

Random Sports or MLB Quiz

MLB All-Star Left Fielders (NL) Quiz Stats

 Plays Quiz Updated Jul 19, 2018

Challenge
Share
Tweet
Embed
Score 0/89 Timer 10:00
3 Plays Today
Year Name % Correct
1992Barry Bonds
95.1%
1994Barry Bonds
95.1%
1993Barry Bonds
95.1%
1998Barry Bonds
95.1%
1995Barry Bonds
95.1%
1996Barry Bonds
95.1%
1997Barry Bonds
95.1%
2001Barry Bonds
95.1%
2002Barry Bonds
95.1%
2004Barry Bonds
95.1%
2007Barry Bonds
95.1%
2012Ryan Braun
90.6%
2008Ryan Braun
90.6%
2010Ryan Braun
89.6%
2018Matt Kemp
81.8%
1943Stan Musial
80.6%
1946Stan Musial
80.6%
1948Stan Musial
80.6%
1951Stan Musial
80.6%
1953Stan Musial
80.6%
1984Tony Gwynn
75.8%
1985Tony Gwynn
75.8%
1986Tony Gwynn
75.8%
2013Carlos González
67.8%
2000Vladimir Guerrero
67.4%
2011Matt Holliday
65.5%
2016Carlos González
63%
1965Willie Stargell
58.2%
1971Willie Stargell
58.2%
1972Willie Stargell
58.2%
Year Name % Correct
1973Pete Rose
56.4%
1974Pete Rose
56.4%
1966Hank Aaron
56.3%
1990Kevin Mitchell
55.6%
1989Kevin Mitchell
55.6%
2017Marcell Ozuna
54.5%
2005Carlos Beltran
52.1%
1987Eric Davis
51.5%
1962 (1)Tommy Davis
51.5%
1962 (2)Tommy Davis
51.5%
1963Tommy Davis
51.5%
1982Tim Raines
51.5%
1983Tim Raines
51.5%
1979George Foster
51.4%
1981George Foster
51.4%
1954Jackie Robinson
48.4%
1956Frank Robinson
48.4%
1957Frank Robinson
48.4%
2014Carlos Gomez
47.4%
1964Billy Williams
47.1%
2006Alfonso Soriano
46.6%
1967Lou Brock
43%
1975Lou Brock
43%
1969Cleon Jones
39.5%
1978Greg Luzinski
37.7%
1977Greg Luzinski
37.7%
1976Greg Luzinski
37.7%
1949Ralph Kiner
37.1%
1950Ralph Kiner
37.1%
2003Albert Pujols
36.3%
Year Name % Correct
2009Raul Ibanez
35.1%
2015Joc Pederson
33.8%
1961 (1)Orlando Cepeda
32.6%
1961 (2)Orlando Cepeda
32.6%
1934Joe Medwick
32.2%
1935Joe Medwick
32.2%
1936Joe Medwick
32.2%
1937Joe Medwick
32.2%
1938Joe Medwick
32.2%
1939Joe Medwick
32.2%
1940Joe Medwick
32.2%
1942Joe Medwick
32.2%
1988Vince Coleman
29.7%
1980Dave Kingman
25.1%
1947Enos Slaughter
24.7%
1999Jeromy Burnitz
22.4%
1968Curt Flood
21.4%
1970Rico Carty
14.9%
1952Hank Sauer
10.4%
1959 (1)Wally Moon
8.7%
1959 (2)Wally Moon
8.7%
1955Del Ennis
7.5%
1958Bob Skinner
6%
1960 (1)Bob Skinner
6%
1960 (2)Bob Skinner
6%
1991Ivan Calderon
5.7%
1941Terry Moore
4.8%
1933Chick Hafey
4.4%
1944Augie Galan
2.2%

You're not logged in!

Compare scores with friends on all Sporcle quizzes.
Join for Free
OR
Log In

You Might Also Like...

Show Comments

Extras

Top Quizzes Today


Score Distribution

Your Account Isn't Verified!

In order to create a playlist on Sporcle, you need to verify the email address you used during registration. Go to your Sporcle Settings to finish the process.

Report this User

Report this user for behavior that violates our Community Guidelines.

Details: